LEADER 01180nam a2200253 i 4500 001 000000072032 003 CaOOAMICUS 005 20090209000000.0 008 090209s1939 fr u000 u fre u 013 $a43204 040 $aSeMil$bita 100 1 $aBréhier, Émile <1876-1952>.$0(OLS)http://semarc/name/729 245 14$aLes études de philosophie antique /$cpar Émile Bréhier. 260 $aParis :$bHermann,$c1939. 300 $a54 p. ;$c25 cm. 490 0 $aActualites scientifiques et industrielles ;$v790. Philosophie ; 1 490 0 $aActualités scientifiques et industrielles. Philosophie : Chronique annuelle ;$v1 650 4$aFilosofia antica.$0(OLS)http://semarc/subject/2933 830 0$aActualites scientifiques et industrielles ;$v790. Philosophie ; 1.$0(OLS)http://semarc/title/27222 830 0$aActualités scientifiques et industrielles. Philosophie ;$v1.$0(OLS)http://semarc/title/27272 850 $aSeMil 852 $aSeMil$W1$xVenegono$y1$m2P V 275$j38185$B38185$CSeMilBibl$Z2$F38188 $81 996 $6245$aLes études de philosophie antique$9(OLS)http://semarc/title/116028 996 $6260$aParis :$bHermann$9(OLS)http://semarc/publisher/35352 LEADER 00524nab a2200169 i 4500 001 000000272593 003 CaOOAMICUS 005 20190513154920.0 008 100304n xx uu u0 0und r 013 $a20394 040 $aSeMil$bita 245 10$aOctobre-Décembre. 500 $aContiene : Bulletin de théologie. 773 0 $t[2009].$dParis : Librairie Philosophique J. Vrin, 2009.$w()180815 774 0 $tBulletin de théologie.$w()307497 996 $6245$aOctobre-Décembre$9(OLS)http://semarc/title/422441